Breve rótulo ( escritura y ausencia en Sor Juana Inés de la Cruz )
Guardado en:
| Hovedforfatter: | |
|---|---|
| Format: | Bog |
| Sprog: | Undetermined |
| Udgivet: |
San José, Costa Rica
Universidad de Costa Rica, Sistema de Estudios de Posgrado
2004
|
| Fag: | |
| Tags: |
Tilføj Tag
Ingen Tags, Vær først til at tagge denne postø!
|
MARC
| LEADER | 00000nam a2200000Ia 4500 | ||
|---|---|---|---|
| 008 | 170316s9999 xx 000 0 und d | ||
| 040 | |a cru BVZT | ||
| 090 | |a TESIS 725 | ||
| 100 | |a Ureña Salazar, Esteban | ||
| 245 | |a Breve rótulo ( escritura y ausencia en Sor Juana Inés de la Cruz ) | ||
| 260 | |a San José, Costa Rica | ||
| 260 | |b Universidad de Costa Rica, Sistema de Estudios de Posgrado | ||
| 260 | |c 2004 | ||
| 300 | |a 183 páginas | ||
| 650 | |a TRABAJO FINAL DE GRADUACIÓN | ||
| 650 | |a SEP | ||
| 650 | |a MAGISTER LITTERARUM EN LITERATURA LATINOAMERICANA | ||
| 650 | |a PAUL DE MAN | ||
| 650 | |a GUY LE GAUFEY | ||
| 650 | |a NARCISO DIVINO | ||
| 999 | |c 14385 |d 14385 | ||
| 942 | |c TFG |h TESIS 725 |2 z | ||
